[Event "2. Memorial Dr. Armando Rizzoni"]
[Site "Campinas BRA"]
[Date "2009.05.09"]
[Round "6.1"]
[White "Fier, Alexandr"]
[Black "Name, Gabriel Ricardo S"]
[Result "1-0"]
[WhiteElo "2595"]
[BlackElo "2239"]
[PlyCount "53"]
[EventDate "2009.05.04"]
[EventType "tourn"]
[EventRounds "13"]
[EventCountry "BRA"]
[EventCategory "6"]
[Source "lmi"]
[SourceDate "2009.05.04"]

1. d4 c5 2. e4 cxd4 3. Nf3 e5 4. c3 dxc3 5. Nxc3 d6 6. Bc4 Be6 7. Bxe6 fxe6 8.
Qb3 Nc6 9. Qxe6+ Qe7 10. Qb3 Nf6 11. O-O Qf7 12. Qb5 a6 13. Qb6 Nd8 14. Bg5 Nd7
15. Qe3 Ne6 16. Nd5 h6 17. Bh4 g5 18. Bg3 Bg7 19. h4 Qg6 20. Rac1 Ndc5 21. Rfe1
Nd7 22. Nd2 Kf7 23. Qf3+ Bf6 24. h5 Qg7 25. Nc4 Qf8 26. Qf5 Rg8 27. Bxe5 1-0

[Event "2. Memorial Dr. Armando Rizzoni"]
[Site "Campinas BRA"]
[Date "2009.05.12"]
[Round "11.2"]
[White "Santos, Marcus Vinicius M"]
[Black "Saldaño Dayer, Horacio"]
[Result "0-1"]
[WhiteElo "2399"]
[BlackElo "2449"]
[PlyCount "160"]
[EventDate "2009.05.04"]
[EventType "tourn"]
[EventRounds "13"]
[EventCountry "BRA"]
[EventCategory "6"]
[Source "lmi"]
[SourceDate "2009.05.04"]

1. d4 Nf6 2. c4 e6 3. Nc3 d5 4. cxd5 exd5 5. Bg5 c6 6. Qc2 Be7 7. e3 Nbd7 8.
Bd3 Nh5 9. Bxe7 Qxe7 10. Nge2 Nb6 11. O-O g6 12. Rae1 O-O 13. Nc1 Be6 14. Nb3
Nd7 15. e4 Nf4 16. Re3 Nxd3 17. Qxd3 dxe4 18. Qxe4 Nf6 19. Qf4 b6 20. Rfe1 Qd8
21. Nd2 Nd5 22. Nxd5 Bxd5 23. Re7 f6 24. h4 Rf7 25. R7e3 Qb8 26. Qg4 Qc8 27.
Qf4 Qb8 28. Qg4 Qc8 29. Qe2 Qf5 30. f3 Qf4 31. Qf2 Kg7 32. Re7 Raf8 33. b3 Rxe7
34. Rxe7+ Rf7 35. Re1 Rd7 36. Nf1 Bf7 37. Re4 Qd6 38. Ne3 f5 39. Re5 Qxd4 40.
f4 Kf8 41. Kh2 Rd5 42. Rxd5 cxd5 43. Qg3 Qe4 44. h5 d4 45. Nf1 Qe2 46. Kg1 d3
47. Qg5 Qe7 48. Qg3 Qc5+ 49. Kh2 Qc1 50. Qf2 Qc5 51. Qh4 Qe7 52. Qg3 Qd6 53.
Nd2 gxh5 54. Qe3 h4 55. Nf3 Qd5 56. Nd2 Be8 57. Qf2 Bc6 58. Kh3 Qg8 59. Nf1
Qg4+ 60. Kh2 Qe2 61. Kg1 Be4 62. Nd2 Qxf2+ 63. Kxf2 Ke7 64. Nf3 Kd6 65. Nxh4
Kc5 66. Ke3 Kb4 67. Kd2 Ka3 68. g4 fxg4 69. f5 g3 70. f6 Bd5 71. Kxd3 Kxa2 72.
b4 Kb3 73. Kd4 Bf7 74. b5 Kb4 75. Ke5 Kxb5 76. Kd6 a5 77. Ke7 Bh5 78. Ng2 a4
79. Nf4 a3 80. Nxh5 g2 0-1

[Event "2. Memorial Dr. Armando Rizzoni"]
[Site "Campinas BRA"]
[Date "2009.05.12"]
[Round "11.3"]
[White "Name, Gabriel Ricardo S"]
[Black "Oliveira, Silvio Eduardo"]
[Result "1-0"]
[WhiteElo "2239"]
[BlackElo "2360"]
[PlyCount "61"]
[EventDate "2009.05.04"]
[EventType "tourn"]
[EventRounds "13"]
[EventCountry "BRA"]
[EventCategory "6"]
[Source "lmi"]
[SourceDate "2009.05.04"]

1. c4 c5 2. Nf3 Nc6 3. e3 Nf6 4. b3 g6 5. Bb2 Bg7 6. Be2 O-O 7. O-O d6 8. d4
cxd4 9. Nxd4 a5 10. Nc3 Nd7 11. Na4 Nb4 12. Qc1 Ne5 13. Rd1 Bd7 14. Nc3 Rc8 15.
Qd2 Na6 16. h3 Nc6 17. Ndb5 Nc5 18. f4 a4 19. Nd5 Ne4 20. Qc2 Bxb2 21. Qxb2 Be6
22. bxa4 Na5 23. Qd4 Bxd5 24. cxd5 Nc5 25. Rab1 Nd7 26. Rdc1 Rc5 27. Rxc5 Nxc5
28. Bf3 Qd7 29. e4 f6 30. Nc3 Qc7 31. Rb5 1-0

[Event "2. Memorial Dr. Armando Rizzoni"]
[Site "Campinas BRA"]
[Date "2009.05.12"]
[Round "11.5"]
[White "Fier, Alexandr"]
[Black "Chauca Murgas, Jose Luis"]
[Result "1-0"]
[WhiteElo "2595"]
[BlackElo "2098"]
[PlyCount "114"]
[EventDate "2009.05.04"]
[EventType "tourn"]
[EventRounds "13"]
[EventCountry "BRA"]
[EventCategory "6"]
[Source "lmi"]
[SourceDate "2009.05.04"]

1. d4 Nf6 2. c4 e6 3. Nf3 d5 4. Nc3 Be7 5. Bf4 O-O 6. e3 c6 7. h3 Nbd7 8. c5
Re8 9. Be2 Nf8 10. O-O N6d7 11. b4 Bf6 12. Ne5 Ng6 13. Nxg6 hxg6 14. e4 Be7 15.
e5 f5 16. exf6 gxf6 17. Bd3 f5 18. Be3 Kg7 19. f4 Rh8 20. b5 Nf6 21. bxc6 bxc6
22. Qa4 Qc7 23. Rab1 Ne4 24. Nxe4 fxe4 25. Be2 Bh4 26. Rb3 Rf8 27. Bd2 Bf6 28.
g3 Rh8 29. h4 Bd8 30. Rfb1 Rf8 31. Kg2 Qd7 32. Bg4 Bc7 33. Ba5 Rf7 34. Bxc7
Qxc7 35. Be2 Qd7 36. Rh1 e5 37. dxe5 d4 38. Rb4 d3 39. Bd1 Qd5 40. Bb3 Qxc5 41.
Rxe4 Bf5 42. Bxf7 Qc2+ 43. Kf3 Bxe4+ 44. Qxe4 Kxf7 45. Kg4 Qxa2 46. Qxc6 Qe6+
47. Qxe6+ Kxe6 48. Kf3 a5 49. Ke3 a4 50. Kxd3 a3 51. Kc2 Kf5 52. h5 a2 53. Kb2
a1=Q+ 54. Rxa1 Rb8+ 55. Kc3 gxh5 56. Ra6 Rg8 57. Kd4 Kg4 1-0